Statistiques concernant Mots de la langue française terminés par "cot"

Cliquez ici pour prendre le quiz!

Statistiques générales

  • Ce quiz a été pris 105 fois
  • Le résultat moyen est 10 sur 23

Statistiques - réponses

IndiceMot% Correct
fruitabricot
98%
petit baiserbecot
94%
légume vertharicot
91%
larveasticot
83%
voiture fatiguéetacot
81%
fleurcoquelicot
80%
dent casséechicot
70%
technique utilisée pour fabriquer une étoffe à partir d'un filtricot
68%
petit ânebourricot
63%
participationécot
60%
machine à découpermassicot
44%
cépagecôt
43%
banderolecalicot
34%
perroquetjacot
20%
petite dent bordant une dentelle, un galonpicot
20%
vêtement porté par-dessus la cotte, au Moyen Âgesurcot
18%
dépôt de paille, de feuilles mortes ou de fumier froid pour protéger contre le gelaccot
17%
viande en ragoûtfricot
13%
crevette griseboucot
9%
tissuescot
3%
choristemachicot
1%
eau de vie de Dantzig.persicot
1%
outil de menuisiertarabiscot
1%

Distribution des résultats

Percentile par nombre de réponses

% des personnes avec chaque résultat

Votre développement - résultats

Vous n’avez pas pris ce quiz